| 000 | 01198cam a22003135a 4500 | ||
|---|---|---|---|
| 999 |
_c26850 _d26822 |
||
| 001 | 018134277 | ||
| 005 | 20180923110117.0 | ||
| 008 | 161004s2017 enk frb 001 0 eng d | ||
| 015 |
_aGBB6K0466 _2bnb |
||
| 020 | _z9780749474119 (pbk.) | ||
| 040 |
_aStDuBDS _beng _cStDuBDS _dUk _dEG-ScBUE |
||
| 082 | 0 | 4 |
_a658.3 _bARM _222 |
| 100 | 1 |
_aArmstrong, Michael, _d1928- |
|
| 245 | 1 | 0 |
_aArmstrong's handbook of human resource management practice / _cMichael Armstrong and Stephen Taylor. |
| 246 | 3 | 0 | _aHandbook of human resource management practice |
| 250 | _a14th ed. | ||
| 260 |
_aLondon ; _aNew York : _bKogan Page Limited, _c2017. |
||
| 300 |
_axxxii, 738 p. : _bill. ; _c29 cm. |
||
| 500 | _aPrevious edition : 2014. | ||
| 504 | _aIncludes bibliographical references and index. | ||
| 520 | _aBuild your knowledge and discover best practice tools to enhance your performance with this bestselling textbook that covers everything you need to know about HRM. | ||
| 650 | 7 |
_aPersonnel management. _2BUEsh |
|
| 651 | _2BUEsh | ||
| 653 |
_bBUSADM _cSeptember2018 |
||
| 655 | _vText book | ||
| 700 | 1 |
_aTaylor, Stephen, _d1965- _93860 |
|
| 776 | 0 | 8 |
_iPrint version : _z9780749474119 |
| 942 | _2ddc | ||